000 00902nam a2200313Ia 4500
003 OSt
005 20221007123217.0
006 a|||||r|||| 00| 0
007 ta
008 221006b |||||||| |||| 00| 0 eng d
020 _a8122404014
024 _a2518
037 _cTextual
040 _aPAPL
_cPAPL
_beng
041 _2eng
_aeng
082 _aC5:72, N2
100 _aRaj Kamal Ed
_9716846
245 0 _aLaser optics ed by Raj Kamal and others
_b Maheshwari K P Ed Sawhney R L Ed
260 _aNew
_bDelhi Wiley Eastern
_c1992
300 _a286p
_ccm.
490 _aReviews in contemporary physics
650 _a Laser
650 _a Optics
650 _aPhysics
700 _a Maheshwari K P Ed
_9716847
700 _a Sawhney R L Ed
_9716848
942 _hC5:72, N2
_cTEXL
_2CC
999 _c1211530
_d1211530